000 00576pam a2200217 a 4500
001 4396090
005 20241016121020.0
007 Includes Index
008 920626s1993 iluab 001 0 eng
020 _a9780256107845
020 _a025610784X
050 0 0 _aHB171.5
_b.C788 1993
082 0 0 _a330
_220
100 1 _aColander, David C.
245 1 0 _aEconomics /
_cDavid C. Colander.
260 _aHomewood, IL :
_bIrwin,
_cc1993.
300 _axxix, 823 p. :
_bill. (some col.), maps ;
_c29 cm.
500 _aIncludes index.
650 0 _aEconomics.
942 _2lcc
_cBK
_n0
999 _c40
_d40